Fungicides for field crops / (Record no. 208946)
[ view plain ]
| 000 -CABECERA | |
|---|---|
| campo de control de longitud fija | 00943nam a2200313Ia 4500 |
| 001 - NÚMERO DE CONTROL | |
| campo de control | Para_10258 |
| 003 - IDENTIFICADOR DEL NÚMERO DE CONTROL | |
| campo de control | CHAP |
| 008 - DATOS DE LONGITUD FIJA--INFORMACIÓN GENERAL | |
| campo de control de longitud fija | 220125s2013 xx 000 0 und d |
| 010 ## - NÚMERO DE CONTROL DE LA BIBLIOTECA DEL CONGRESO | |
| Número de control de LC | 208946 |
| 020 ## - NÚMERO INTERNACIONAL ESTÁNDAR DEL LIBRO | |
| Número Internacional Estándar del Libro | 978 - 0 - 89054 - 420 - 4 |
| 040 ## - FUENTE DE LA CATALOGACIÓN | |
| Centro/agencia transcriptor | CHAP |
| 082 ## - NÚMERO DE LA CLASIFICACIÓN DECIMAL DEWEY | |
| Número de clasificación | PA 632.952 F86 2013 |
| 245 ## - MENCIÓN DE TÍTULO | |
| Título | Fungicides for field crops / |
| Mención de responsabilidad, etc. | Editado Dare S. Mueller...[et.al.] |
| 260 ## - PUBLICACIÓN, DISTRIBUCIÓN, ETC. | |
| Lugar de publicación, distribución, etc. | St. Paul, Minnesota : |
| Nombre del editor, distribuidor, etc. | APS Press |
| 300 ## - DESCRIPCIÓN FÍSICA | |
| Extensión | 112 p. |
| 500 ## - NOTA GENERAL | |
| Nota general | Incluye referencias bibliográficas e índice |
| 650 ## - PUNTO DE ACCESO ADICIONAL DE MATERIA--TÉRMINO DE MATERIA | |
| Término de materia o nombre geográfico como elemento de entrada | Fungicidas |
| 9 (RLIN) | 44044 |
| 700 ## - PUNTO DE ACCESO ADICIONAL--NOMBRE DE PERSONA | |
| Nombre de persona | I.Mueller, Daren S., ed. |
| 9 (RLIN) | 175250 |
| 700 ## - PUNTO DE ACCESO ADICIONAL--NOMBRE DE PERSONA | |
| Nombre de persona | II.Wise, Kiersten A., ed. |
| 9 (RLIN) | 175251 |
| 700 ## - PUNTO DE ACCESO ADICIONAL--NOMBRE DE PERSONA | |
| Nombre de persona | III..Dufault, Nicholas S., ed. |
| 9 (RLIN) | 175252 |
| 700 ## - PUNTO DE ACCESO ADICIONAL--NOMBRE DE PERSONA | |
| Nombre de persona | IV.Bradley, Carl A., ed. |
| 9 (RLIN) | 175253 |
| 901 ## - ELEMENTOS DE DATOS A LOCAL LDA (RLIN) | |
| a | PA 632.952 F86 2013 |
| 902 ## - ELEMENTOS DE DATOS B LOCAL, LDB (RLIN) | |
| a | A |
| 905 ## - ELEMENTOS DE DATOS E LOCAL, LDE (RLIN) | |
| a | 5232202013 an 8000000300 00 |
| 910 ## - DATOS DE OPCIÓN DEL USUARIO (OCLC) | |
| Datos de opción del usuario | 2013 |
| 942 ## - ELEMENTOS DE PUNTO DE ACCESO ADICIONAL (KOHA) | |
| Tipo de ítem Koha | Parasitologia_ |
| 942 ## - ELEMENTOS DE PUNTO DE ACCESO ADICIONAL (KOHA) | |
| Tipo de ítem Koha | Parasitologia_ |
| -- | 1 |
| Estado de retiro | Estado de pérdida | Fuente del sistema de clasificación o colocación | Estado dañado | Restricciones de uso | No para préstamo | Código de colección | Localización permanente | Ubicación/localización actual | Fecha de adquisición | Número de inventario | Total de préstamos | Signatura topográfica completa | Código de barras | Fecha visto por última vez | Fecha del último préstamo | Número de copia | Precio válido a partir de | Tipo de ítem Koha | Nota pública |
|---|---|---|---|---|---|---|---|---|---|---|---|---|---|---|---|---|---|---|---|
| Dewey Decimal Classification | Préstamo 3 días | General | Parasitologia Agricola | Parasitologia Agricola | 12/05/2015 | (PA_010446) (No. UACh C/E) | 2 | PA 632.952 F86 2013 | 4102002960 | 17/09/2025 | 28/08/2025 | Ej.3 | 25/01/2022 | Libro | 3 | ||||
| Dewey Decimal Classification | Préstamo interno | General | Parasitologia Agricola | Parasitologia Agricola | 12/05/2015 | (PA_010444) (No. UACh C/E) | PA 632.952 F86 2013 | 4102002958 | 25/01/2022 | Ej.1 | 25/01/2022 | Libro | 2 | ||||||
| Dewey Decimal Classification | Préstamo 3 días | General | Parasitologia Agricola | Parasitologia Agricola | 12/05/2015 | (PA_010445 (No. UACh C/E) | PA 632.952 F86 2013 | 4102002959 | 25/01/2022 | Ej.2 | 25/01/2022 | Libro | 3 |
